000 00582nam a2200205Ia 4500
005 20250923145345.0
008 008 250917s9999 xx 000 0 eng d
037 _aTextual
040 _aDSWL
_beng
_cDSWL
041 _aeng
_2eng
084 _aX8(J3).1(Y:434), N76
_qDSWL
100 _aSinha, Radha
_9834432
245 0 _aFood and poverty
_c by Radha Sinha
260 _aNew Delhi
_b Ambika Publications
_c1976
300 _a196p.
365 _aINR
_b40 . 0
925 _g40 . 0
942 _cTEXL
_hX8(J3).1(Y:434), N76
999 _c1450395
_d1450395